[Event "CN Seniori 2012"]
[Site "Sarata Monteoru/Romania"]
[Date "2012.02.21"]
[Round "11.42"]
[White "Neagu, Mihai-Cosmin"]
[Black "Patrascu, Catalin-Lucian"]
[Result "1/2-1/2"]
[WhiteElo "1918"]
[BlackElo "1816"]
[PlyCount "95"]
[EventDate "2012.??.??"]

1. c4 e5 2. Nf3 Nc6 3. g3 Nf6 4. Nc3 Bc5 5. Bg2 d6 6. h3 O-O 7. O-O Nh5 8. e3
g6 9. d4 Bb6 10. Nd5 f5 11. Nxb6 axb6 12. dxe5 dxe5 13. Qd5+ Qxd5 14. cxd5 Nb4
15. Nxe5 Nf6 16. d6 cxd6 17. Nc4 Be6 18. b3 Bxc4 19. bxc4 Rac8 20. Bb2 Kg7 21.
Rfd1 Rfd8 22. a3 Nc6 23. Rac1 Ne5 24. Bf1 Kf7 25. Kg2 Ne4 26. Bd4 Nc5 27. Rb1
Ned7 28. Be2 Ra8 29. g4 Ke7 30. Bf3 Rxa3 31. Bd5 Rf8 32. Bg7 Rfa8 33. gxf5 gxf5
34. Bd4 Ra2 35. Kf3 Rc2 36. Rb2 Rxb2 37. Bxb2 Ne5+ 38. Ke2 Ra2 39. Rd2 Nb3 40.
Rc2 Na1 41. Rd2 Nb3 42. c5 Nxd2 43. cxd6+ Kxd6 44. Bxa2 Ndc4 45. Bd4 b5 46. Bb1
Ke6 47. Ba2 Kd6 48. Bb1 1/2-1/2

[Event "CN Seniori 2012"]
[Site "Sarata Monteoru/Romania"]
[Date "2012.02.21"]
[Round "11.43"]
[White "Jugaru, Lucian"]
[Black "Coman, Liviu"]
[Result "1-0"]
[WhiteElo "2013"]
[BlackElo "1794"]
[PlyCount "87"]
[EventDate "2012.??.??"]

1. e4 c5 2. Nf3 e6 3. d4 cxd4 4. Nxd4 a6 5. a4 Qc7 6. c4 Nf6 7. Nc3 Bb4 8. Bd2
Bxc3 9. Bxc3 Nxe4 10. Qg4 Nxc3 11. Qxg7 Rf8 12. bxc3 Nc6 13. Nf3 Qa5 14. Bd3 h6
15. O-O d6 16. h4 Bd7 17. Qf6 Ne7 18. Be4 Nc6 19. Rfb1 b6 20. Rb3 Rb8 21. Qxh6
Ne5 22. Nxe5 Qxe5 23. Qe3 f5 24. Bf3 Qxe3 25. fxe3 Kd8 26. a5 Kc7 27. Rab1 b5
28. cxb5 Bxb5 29. h5 d5 30. Kf2 Kd6 31. Be2 Kc5 32. Rb4 e5 33. c4 dxc4 34. Bxc4
Rfd8 35. Be6 Rd2+ 36. Kg3 Rf8 37. h6 Rf6 38. h7 Rg6+ 39. Kh3 Rdxg2 40. h8=Q
R6g3+ 41. Kh4 Rg6 42. Qxe5+ Kc6 43. Qd5+ Kc7 44. Rc1+ 1-0

[Event "CN Seniori 2012"]
[Site "Sarata Monteoru/Romania"]
[Date "2012.02.21"]
[Round "11.44"]
[White "Mirauta, Stefano-Marius"]
[Black "Mongescu, Lucian"]
[Result "1/2-1/2"]
[WhiteElo "1823"]
[BlackElo "1984"]
[PlyCount "41"]
[EventDate "2012.??.??"]

1. e4 e5 2. Nf3 Nc6 3. Bb5 a6 4. Ba4 Nf6 5. d3 d6 6. c3 Bd7 7. O-O Be7 8. Re1
b5 9. Bc2 Bg4 10. Nbd2 O-O 11. Nf1 h6 12. h3 Bd7 13. Ng3 Nh7 14. d4 Ng5 15. d5
Na5 16. b3 Rc8 17. Nh2 Re8 18. Qh5 Bf8 19. Ng4 Kh7 20. f4 g6 21. Nf6+ 1/2-1/2

[Event "CN Seniori 2012"]
[Site "Sarata Monteoru/Romania"]
[Date "2012.02.21"]
[Round "11.45"]
[White "Toma, Mihail"]
[Black "Rusu, Vasile"]
[Result "1/2-1/2"]
[WhiteElo "1964"]
[BlackElo "1760"]
[PlyCount "52"]
[EventDate "2012.??.??"]

1. d4 Nf6 2. Nf3 d5 3. Bg5 e6 4. e3 Be7 5. Nbd2 h6 6. Bh4 Nbd7 7. Bd3 c5 8. c3
c4 9. Bc2 b5 10. O-O Bb7 11. Ne5 Nxe5 12. dxe5 Ne4 13. Bxe7 Qxe7 14. Nf3 Qc7
15. Qd4 a6 16. Ne1 Qc5 17. Nf3 Qxd4 18. Nxd4 Ke7 19. f4 g6 20. Rad1 Nc5 21. g4
Rag8 22. Kf2 f6 23. Nf3 Nd7 24. exf6+ Kxf6 25. Kg3 Ke7 26. Nh4 Nf8 1/2-1/2

[Event "CN Seniori 2012"]
[Site "Sarata Monteoru/Romania"]
[Date "2012.02.21"]
[Round "11.46"]
[White "Gavrilescu, David"]
[Black "Porfireanu, Serban"]
[Result "0-1"]
[WhiteElo "1800"]
[BlackElo "1927"]
[PlyCount "52"]
[EventDate "2012.??.??"]

1. e4 c5 2. c4 e6 3. Nc3 a6 4. g3 b6 5. Bg2 Bb7 6. Nge2 d6 7. O-O Nd7 8. a3 Qc7
9. d4 cxd4 10. Qxd4 Ngf6 11. b3 Be7 12. Rd1 O-O 13. a4 Rac8 14. f4 d5 15. Kh1
dxc4 16. Qxc4 Ng4 17. Qxc7 Rxc7 18. Rf1 Bb4 19. Bd2 Nc5 20. Rab1 Rd8 21. Nb5
Rxd2 22. Nxc7 Rxe2 23. Bf3 Bxe4 24. Bxe4 Nxe4 25. Nxa6 Bd2 26. Rf3 Nxh2 0-1

[Event "CN Seniori 2012"]
[Site "Sarata Monteoru/Romania"]
[Date "2012.02.21"]
[Round "11.47"]
[White "Vacar, Gligore"]
[Black "Arghirescu, Marius"]
[Result "0-1"]
[WhiteElo "1788"]
[BlackElo "1921"]
[PlyCount "32"]
[EventDate "2012.??.??"]

1. d4 Nf6 2. Nf3 d6 3. c4 g6 4. Nc3 Bg7 5. e4 O-O 6. Be2 e5 7. dxe5 dxe5 8.
Qxd8 Rxd8 9. Nxe5 Nxe4 10. Nxe4 Bxe5 11. O-O Nc6 12. Bg5 Re8 13. Nf6+ Bxf6 14.
Bxf6 Rxe2 15. Rfe1 Rxe1+ 16. Rxe1 Be6 0-1

[Event "CN Seniori 2012"]
[Site "Sarata Monteoru/Romania"]
[Date "2012.02.21"]
[Round "11.48"]
[White "Motounu, Vlad-Stefan"]
[Black "Olinici, Emanuel"]
[Result "0-1"]
[WhiteElo "1888"]
[BlackElo "1794"]
[PlyCount "66"]
[EventDate "2012.??.??"]

1. d4 d5 2. c4 e6 3. Nc3 c6 4. Nf3 dxc4 5. e4 b5 6. Ne5 Nf6 7. a3 Be7 8. Be2
O-O 9. g4 Nfd7 10. Nf3 Qb6 11. Be3 Bb7 12. h4 c5 13. d5 Rd8 14. Qc2 exd5 15.
Nxd5 Bxd5 16. exd5 Nf6 17. Ng5 h6 18. Bf3 Qd6 19. O-O-O Nbd7 20. Ne6 Ne5 21.
Bf4 fxe6 22. Bxe5 Qxe5 23. Kb1 Qf4 24. d6 Qxf3 25. dxe7 Rxd1+ 26. Rxd1 Re8 27.
g5 hxg5 28. hxg5 Nd5 29. Ka1 c3 30. b3 Rxe7 31. Re1 Qf5 32. Qe2 c2 33. Qxb5
Qe5+ 0-1

[Event "CN Seniori 2012"]
[Site "Sarata Monteoru/Romania"]
[Date "2012.02.21"]
[Round "11.49"]
[White "Ionita, Ioan"]
[Black "Iordachescu, Sorin-Emanuel"]
[Result "1/2-1/2"]
[WhiteElo "1720"]
[BlackElo "1876"]
[PlyCount "101"]
[EventDate "2012.??.??"]

1. e4 d6 2. d4 Nf6 3. Nc3 g6 4. Nf3 Bg7 5. Be2 Bg4 6. Be3 c6 7. h3 Bxf3 8. Bxf3
Nbd7 9. Qd2 O-O 10. Bh6 c5 11. Bxg7 Kxg7 12. dxc5 Nxc5 13. O-O a6 14. Rfe1 Qc7
15. Nd5 Nxd5 16. exd5 Rae8 17. Qc3+ Kg8 18. b4 Ne6 19. Qxc7 Nxc7 20. c4 b6 21.
Rac1 e5 22. dxe6 fxe6 23. Rcd1 Rd8 24. Rd2 Kf7 25. Red1 Ke7 26. Rd3 Rf4 27. Rd4
Rxd4 28. Rxd4 d5 29. cxd5 Nxd5 30. a3 Rc8 31. Rd3 Rc3 32. Be4 Rxd3 33. Bxd3 a5
34. bxa5 bxa5 35. h4 Kf6 36. g3 h6 37. Kf1 g5 38. hxg5+ hxg5 39. Ke2 Ke5 40.
Kd2 Kd4 41. f3 e5 42. Bf5 Ne3 43. Bd3 Nd5 44. Bf5 Nf6 45. g4 e4 46. fxe4 Nxe4+
47. Kc2 Nc5 48. Kb2 Kc4 49. Bg6 Kd4 50. Bf5 Kc4 51. Bg6 1/2-1/2

[Event "CN Seniori 2012"]
[Site "Sarata Monteoru/Romania"]
[Date "2012.02.21"]
[Round "11.50"]
[White "Baciu, Radu-George"]
[Black "Carapit, Vasile"]
[Result "1/2-1/2"]
[WhiteElo "1767"]
[BlackElo "1849"]
[PlyCount "97"]
[EventDate "2012.??.??"]

1. e4 e6 2. d4 d5 3. Nd2 dxe4 4. Nxe4 Nf6 5. Bg5 Be7 6. Nxf6+ Bxf6 7. Bxf6 Qxf6
8. c3 Bd7 9. Nf3 Nc6 10. g3 h6 11. Bg2 O-O 12. O-O Rad8 13. Qc2 b6 14. Rfe1
Rfe8 15. Ne5 Nxe5 16. dxe5 Qe7 17. Rad1 Rf8 18. Rd2 Bc8 19. Red1 Rxd2 20. Qxd2
a5 21. Qd4 f6 22. f4 fxe5 23. Qxe5 Rd8 24. Rxd8+ Qxd8 25. Qd4 Qxd4+ 26. cxd4
Kf7 27. Kf2 Ke7 28. Ke3 Kd6 29. Kd3 Ba6+ 30. Kc3 c5 31. a3 Bb5 32. dxc5+ Kxc5
33. b4+ axb4+ 34. axb4+ Kd6 35. Kd4 Bd7 36. h4 Be8 37. g4 h5 38. g5 g6 39. Bf3
Bb5 40. Be4 Be8 41. Kc4 Kc7 42. Bc2 Kd6 43. Kd4 Bf7 44. Ba4 Ke7 45. Ke5 Bg8 46.
Bc2 Bf7 47. Be4 Be8 48. Bd3 Bf7 49. Be4 1/2-1/2

[Event "CN Seniori 2012"]
[Site "Sarata Monteoru/Romania"]
[Date "2012.02.13"]
[Round "11.52"]
[White "Chivulescu, Adrian-Alexandru"]
[Black "Rusa, Antonio"]
[Result "0-1"]
[WhiteElo "1545"]
[BlackElo "1902"]
[PlyCount "98"]
[EventDate "2012.??.??"]

1. e4 e6 2. d4 d5 3. exd5 exd5 4. Nf3 Nf6 5. Bd3 Bd6 6. O-O O-O 7. Bg5 Bg4 8.
c3 Nbd7 9. Bh4 c6 10. Bg3 Qc7 11. Nbd2 Rfe8 12. Qb3 a5 13. Qc2 Re7 14. Ng5 h6
15. Bxd6 Qxd6 16. Ngf3 Rae8 17. Rfe1 Rxe1+ 18. Rxe1 Rxe1+ 19. Nxe1 Qe7 20. Nef3
b5 21. h3 Bxf3 22. Nxf3 Ne4 23. Qe2 f5 24. Nd2 Kf8 25. f3 Nd6 26. Qxe7+ Kxe7
27. Kf2 Kf6 28. Ke3 Nb6 29. b3 g5 30. g3 h5 31. Be2 f4+ 32. gxf4 Nf5+ 33. Kf2
gxf4 34. Nf1 b4 35. cxb4 axb4 36. Ba6 Nxd4 37. Nd2 Ke5 38. Bd3 h4 39. Kg2 Ne6
40. Bb1 c5 41. Kf2 Ng5 42. Kg2 Kd4 43. Bf5 Kc3 44. Nf1 Kb2 45. Bg4 Kxa2 46. Nd2
Kb2 47. Bf5 Kc3 48. Nb1+ Kxb3 49. Bg6 c4 0-1

[Event "CN Seniori 2012"]
[Site "Sarata Monteoru/Romania"]
[Date "2012.02.21"]
[Round "11.54"]
[White "David, Dorian-Ciprian"]
[Black "Soare, Flavius-Alexandru"]
[Result "1-0"]
[WhiteElo "1726"]
[BlackElo "1668"]
[PlyCount "33"]
[EventDate "2012.??.??"]

1. b4 d5 2. Bb2 e6 3. Nf3 Nf6 4. a3 Nbd7 5. e3 c5 6. b5 b6 7. c4 Bb7 8. Qb3
dxc4 9. Bxc4 Bxf3 10. gxf3 Bd6 11. f4 Qc7 12. Nc3 O-O 13. Rg1 Rad8 14. Ne4 e5
15. Ng5 Nb8 16. Bxf7+ Kh8 17. Bc4 1-0

[Event "CN Seniori 2012"]
[Site "Sarata Monteoru/Romania"]
[Date "2012.02.21"]
[Round "11.55"]
[White "Rosca, Grigore"]
[Black "Nistor, Stefan"]
[Result "0-1"]
[WhiteElo "1668"]
[BlackElo "1707"]
[PlyCount "106"]
[EventDate "2012.??.??"]

1. e4 c5 2. d4 cxd4 3. c3 e6 4. cxd4 d5 5. e5 Nc6 6. Nf3 Nge7 7. Bd3 Qb6 8. Nc3
a6 9. O-O Qd8 10. Re1 b5 11. Bc2 Bb7 12. Ng5 h6 13. Nh3 g6 14. Be3 Bg7 15. Qd2
Na5 16. b3 Rc8 17. Rac1 Nac6 18. Ne2 a5 19. Nef4 Qd7 20. Nd3 Qd8 21. Nc5 Qb6
22. Kh1 Nb4 23. Bb1 Na6 24. Nxb7 Qxb7 25. Qxa5 Nc6 26. Qd2 Bf8 27. Qd1 Bb4 28.
Rf1 Ba3 29. Rc2 Nab4 30. Re2 Ne7 31. g4 h5 32. g5 Rc3 33. Nf4 Qc7 34. Nd3 Na6
35. Bd2 Rc6 36. b4 Nf5 37. Be3 Nxe3 38. Rxe3 Bxb4 39. Qf3 Bd2 40. Qf6 Rf8 41.
Rf3 Qe7 42. h4 Qxf6 43. exf6 Rc4 44. Rd1 Bc3 45. Nc5 Nxc5 46. dxc5 Rxh4+ 47.
Kg2 Rc4 48. Rc1 d4 49. c6 Rxc6 50. Bd3 Rc5 51. Rb1 Rxg5+ 52. Rg3 Rc5 53. Bxb5+
Kd8 0-1

[Event "CN Seniori 2012"]
[Site "Sarata Monteoru/Romania"]
[Date "2012.02.13"]
[Round "11.57"]
[White "Puscas, Filip-Andrei"]
[Black "Zlatea, Cezar-Stelian"]
[Result "0-1"]
[WhiteElo "1420"]
[BlackElo "1679"]
[PlyCount "58"]
[EventDate "2012.??.??"]

1. e4 e5 2. Nf3 Nc6 3. Bc4 Bc5 4. d3 d6 5. O-O Nf6 6. c3 O-O 7. Bb3 a6 8. Re1
Ba7 9. d4 Bg4 10. d5 Ne7 11. Bg5 Ng6 12. h3 Bd7 13. Nbd2 h6 14. Bh4 Nf4 15. Nc4
g5 16. Bg3 N6h5 17. Bxf4 Nxf4 18. Ne3 Qf6 19. Ng4 Bxg4 20. hxg4 Qg6 21. g3 Nh3+
22. Kg2 Nxf2 23. Qe2 Nxg4 24. Qd2 f5 25. Bc2 f4 26. Rh1 Ne3+ 27. Kh3 Qh5+ 28.
Nh4 Qg4+ 29. Kh2 Qxg3# 0-1